[Event "Schachfestival Basel"]
[Site "Basel"]
[Date "2018.01.02"]
[Round "1.24"]
[White "Stockert, Laurids"]
[Black "Xheladini, Mahmut"]
[Result "0-1"]
[WhiteElo "2009"]
[BlackElo "2174"]
[PlyCount "134"]
[EventDate "2018.01.??"]
[EventType "swiss"]
[EventRounds "9"]
[EventCountry "SUI"]
[SourceDate "2018.01.02"]

1. e4 c6 2. Nc3 d6 3. d4 Nd7 4. Nf3 Qa5 5. Bc4 h6 6. O-O e5 7. a4 Ngf6 8. Qe2
Be7 9. Bd2 Qc7 10. a5 g5 11. dxe5 dxe5 12. b4 Nf8 13. b5 Ng6 14. b6 Qd8 15.
Rfd1 Nd7 16. bxa7 Rxa7 17. Na4 Qc7 18. Nb6 Nxb6 19. axb6 Qxb6 20. Be3 c5 21.
Rxa7 Qxa7 22. Bb5+ Kf8 23. Bd7 Bxd7 24. Rxd7 Kg7 25. g3 Qa1+ 26. Kg2 Qa4 27.
Qd3 Qc6 28. c4 b6 29. Rd5 Qe6 30. Bd2 f6 31. Ne1 Ra8 32. Nc2 Qg4 33. f3 Qc8 34.
Ne3 Ra7 35. Nf5+ Kh7 36. Qb3 Qc6 37. Qe3 Nf8 38. h4 Ne6 39. hxg5 hxg5 40. Qg1
Qe8 41. Qh1+ Kg8 42. Nh6+ Kf8 43. Nf5 Qg6 44. Qh8+ Qg8 45. Qxg8+ Kxg8 46. Nxe7+
Rxe7 47. Rd6 Kf7 48. Rxb6 Ra7 49. Rb3 Ra2 50. Rd3 Rc2 51. Kh3 Rxc4 52. Rd7+ Kg6
53. Rd6 Nd4 54. f4 Rc2 55. Be3 gxf4 56. Bxd4 exd4 57. gxf4 Kf7 58. Kg4 Ke7 59.
Rd5 Rc3 60. f5 d3 61. Kf3 c4 62. Ke3 Rc2 63. Rd4 Kf8 64. Rd8+ Kg7 65. Rd6 Re2+
66. Kf3 Re1 67. Rd4 c3 0-1

[Event "Schachfestival Basel"]
[Site "Basel"]
[Date "2018.01.02"]
[Round "1.25"]
[White "Akshat, Kamparia"]
[Black "Ananya, Rishi Gupta"]
[Result "1-0"]
[WhiteElo "2381"]
[BlackElo "1945"]
[PlyCount "73"]
[EventDate "2018.01.??"]
[EventType "swiss"]
[EventRounds "9"]
[EventCountry "SUI"]
[SourceDate "2018.01.02"]

1. d4 d5 2. c4 c6 3. cxd5 cxd5 4. Bg5 Nc6 5. Nc3 Nf6 6. Bxf6 exf6 7. e3 Bb4 8.
Nge2 Bg4 9. Qb3 O-O 10. a3 Bxc3+ 11. Nxc3 Re8 12. Be2 Bxe2 13. Nxe2 Qd7 14. O-O
Rac8 15. Rfc1 Ne7 16. Rc5 b6 17. Rb5 Rc6 18. a4 Qf5 19. Nc3 Qc8 20. h3 Qb7 21.
a5 Rd6 22. axb6 a6 23. Rb4 Nc6 24. Qa4 Ra8 25. Rb3 Ne7 26. Qa5 Nc8 27. Na4 Rb8
28. Nc5 Qc6 29. b7 Ne7 30. Qxa6 Qc7 31. Qa5 Qc6 32. Qa7 Rdd8 33. Na6 Qe8 34.
Nxb8 Rxb8 35. Qxb8 Qxb8 36. Ra8 Nc6 37. Rb6 1-0

[Event "Schachfestival Basel"]
[Site "Basel"]
[Date "2018.01.03"]
[Round "2.1"]
[White "Aeschbach, Philipp"]
[Black "Milov, Vadim"]
[Result "1/2-1/2"]
[WhiteElo "2304"]
[BlackElo "2589"]
[PlyCount "102"]
[EventDate "2018.01.??"]
[EventType "swiss"]
[EventRounds "9"]
[EventCountry "SUI"]
[SourceDate "2018.01.02"]

1. c4 g6 2. g3 Bg7 3. Bg2 e5 4. Nc3 Nc6 5. e4 d6 6. Nge2 h5 7. h3 Be6 8. d3 Qd7
9. Nd5 h4 10. Be3 hxg3 11. fxg3 Nce7 12. Nxe7 Nxe7 13. h4 c6 14. Nc3 d5 15.
exd5 cxd5 16. cxd5 Nxd5 17. Nxd5 Bxd5 18. Bxd5 Qxd5 19. Qa4+ Qd7 20. Qxd7+ Kxd7
21. Rc1 Bf8 22. Ke2 Bd6 23. Bc5 Bc7 24. g4 Rh7 25. Rhf1 Bd8 26. g5 Ke6 27. Bf2
f5 28. gxf6 Bxf6 29. Rg1 Rg8 30. Rc4 a6 31. b3 Rd7 32. Be3 Bd8 33. Bg5 Bb6 34.
Rf1 Kd5 35. Be3 Bxe3 36. Kxe3 Rh8 37. b4 Ke6 38. Rg4 Rh6 39. Rfg1 Kd5 40. Rxg6
Rxh4 41. R1g4 Rh3+ 42. Kd2 Rh2+ 43. Rg2 Rxg2+ 44. Rxg2 Kc6 45. Re2 Rd5 46. a4
a5 47. bxa5 Rxa5 48. Kc3 Rc5+ 49. Kb4 Kd6 50. Re4 Rc1 51. d4 exd4 1/2-1/2

[Event "Schachfestival Basel"]
[Site "Basel"]
[Date "2018.01.03"]
[Round "2.2"]
[White "Heimann, Andreas"]
[Black "Faibisovich, Vadim Z"]
[Result "1/2-1/2"]
[WhiteElo "2576"]
[BlackElo "2325"]
[PlyCount "43"]
[EventDate "2018.01.??"]
[EventType "swiss"]
[EventRounds "9"]
[EventCountry "SUI"]
[SourceDate "2018.01.02"]

1. d4 Nf6 2. c4 e6 3. Nc3 d5 4. cxd5 exd5 5. Bg5 Be6 6. e3 Nbd7 7. Bd3 Bd6 8.
Qc2 c6 9. f4 h6 10. Bh4 g5 11. Bg3 gxf4 12. exf4 Ne4 13. Nxe4 dxe4 14. Bxe4
Qa5+ 15. Kf1 f5 16. Bd3 O-O 17. Re1 Bd5 18. Ne2 Nf6 19. Nc3 Ne4 20. Re2 Qb6 21.
Qa4 Rae8 22. Nxd5 1/2-1/2

[Event "Schachfestival Basel"]
[Site "Basel"]
[Date "2018.01.03"]
[Round "2.3"]
[White "Chatalbashev, Boris"]
[Black "Hamblok, Roel"]
[Result "1-0"]
[WhiteElo "2570"]
[BlackElo "2292"]
[PlyCount "109"]
[EventDate "2018.01.??"]
[EventType "swiss"]
[EventRounds "9"]
[EventCountry "SUI"]
[SourceDate "2018.01.02"]

1. d4 Nf6 2. c4 c5 3. d5 e5 4. Nc3 d6 5. e4 Be7 6. g3 O-O 7. Bg2 Nbd7 8. Nge2
a6 9. O-O Re8 10. a4 b6 11. f4 exf4 12. gxf4 Ra7 13. Ng3 Nf8 14. e5 dxe5 15.
fxe5 N6d7 16. Re1 Bh4 17. Bf4 Ng6 18. e6 fxe6 19. Bd6 Ndf8 20. dxe6 Bxe6 21.
Bc6 Bd7 22. Bd5+ Kh8 23. Nce4 a5 24. Qh5 Be6 25. Bc6 Bd7 26. Bd5 Be6 27. Rad1
Bxd5 28. Rxd5 Rd7 29. Red1 Bxg3 30. Nxg3 Ne6 31. Nf5 Qf6 32. Be5 Rxd5 33. Bxf6
Nef4 34. Nxg7 Rxh5 35. Nxh5+ Kg8 36. Nxf4 Nxf4 37. Rd7 Re6 38. Bd8 Ne2+ 39. Kf1
Nd4 40. Rb7 Re2 41. Rxb6 Rxh2 42. Rb8 Kf7 43. Bxa5 h5 44. Bc3 Rh4 45. a5 Rf4+
46. Kg2 Rf6 47. Rb7+ Ke8 48. Rh7 Rg6+ 49. Kf2 Rf6+ 50. Ke3 Re6+ 51. Kd3 Ne2 52.
Bd2 Ng3 53. Bf4 Ne2 54. Be3 Ng3 55. Bxc5 1-0

[Event "Schachfestival Basel"]
[Site "Basel"]
[Date "2018.01.03"]
[Round "2.4"]
[White "Meier, Volker"]
[Black "Meijers, Viesturs"]
[Result "0-1"]
[WhiteElo "2284"]
[BlackElo "2477"]
[PlyCount "80"]
[EventDate "2018.01.??"]
[EventType "swiss"]
[EventRounds "9"]
[EventCountry "SUI"]
[SourceDate "2018.01.02"]

1. c4 e6 2. g3 Nf6 3. Bg2 d5 4. d4 dxc4 5. Nf3 Nbd7 6. O-O Rb8 7. a4 b6 8. Qc2
Bb7 9. Qxc4 c5 10. Nc3 Rc8 11. Bf4 cxd4 12. Qxd4 Bc5 13. Qd3 O-O 14. Bd6 Bxd6
15. Qxd6 Nc5 16. Rfd1 Nd5 17. Qxd8 Rfxd8 18. Nxd5 Bxd5 19. Nd4 Bxg2 20. Kxg2 a5
21. e3 Kf8 22. b3 e5 23. Nf3 f6 24. Rxd8+ Rxd8 25. Rb1 Rd3 26. b4 Rb3 27. Rxb3
Nxb3 28. bxa5 bxa5 29. Kf1 e4 30. Nd4 Nxd4 31. exd4 Ke7 32. Ke2 Ke6 33. h4 Kd5
34. Ke3 h5 35. Kf4 Kxd4 36. Kf5 Kd3 37. Kf4 g6 38. g4 hxg4 39. Kxg4 e3 40. fxe3
Kxe3 0-1

[Event "Schachfestival Basel"]
[Site "Basel"]
[Date "2018.01.03"]
[Round "2.5"]
[White "Karthik, Venkataraman"]
[Black "Kappeler, Kaspar"]
[Result "1/2-1/2"]
[WhiteElo "2476"]
[BlackElo "2280"]
[PlyCount "69"]
[EventDate "2018.01.??"]
[EventType "swiss"]
[EventRounds "9"]
[EventCountry "SUI"]
[SourceDate "2018.01.02"]

1. d4 Nf6 2. Bg5 c5 3. Nc3 d5 4. Bxf6 gxf6 5. e3 Nc6 6. Qh5 e6 7. O-O-O cxd4 8.
exd4 Qb6 9. Nge2 Bd7 10. Nf4 Bb4 11. Ncxd5 exd5 12. Nxd5 Qa5 13. Nxf6+ Ke7 14.
Qh4 Qxa2 15. Nd5+ Ke8 16. Nxb4 Nxb4 17. Bb5 Nc6 18. Qf6 Rg8 19. Rhe1+ Kf8 20.
Qh6+ Rg7 21. Qd6+ Kg8 22. Qxd7 Qa1+ 23. Kd2 Qa5+ 24. c3 Rxg2 25. Rg1 Rg6 26.
Bd3 Rd8 27. Qxb7 Nxd4 28. Ra1 Nb3+ 29. Qxb3 Rxd3+ 30. Kxd3 Qf5+ 31. Kc4 Qe6+
32. Kb4 Qd6+ 33. Kc4 Qe6+ 34. Kb4 Qd6+ 35. Kc4 1/2-1/2

[Event "Schachfestival Basel"]
[Site "Basel"]
[Date "2018.01.03"]
[Round "2.6"]
[White "Roseneck, Jonas"]
[Black "Firat, Burak"]
[Result "1/2-1/2"]
[WhiteElo "2279"]
[BlackElo "2453"]
[PlyCount "58"]
[EventDate "2018.01.??"]
[EventType "swiss"]
[EventRounds "9"]
[EventCountry "SUI"]
[SourceDate "2018.01.02"]

1. e4 e6 2. d4 d5 3. Nc3 Nf6 4. e5 Nfd7 5. f4 c5 6. Nf3 Nc6 7. Be3 Be7 8. Qd2
O-O 9. Be2 b6 10. O-O f5 11. Nd1 cxd4 12. Nxd4 Nxd4 13. Bxd4 Nc5 14. Nf2 Bb7
15. Rfd1 Rc8 16. c3 g5 17. g3 gxf4 18. gxf4 Kh8 19. Qe3 Bh4 20. Bf3 Rg8+ 21.
Kh1 Bxf2 22. Qxf2 Ne4 23. Bxe4 dxe4 24. Be3 Bd5 25. Rg1 Rxg1+ 26. Qxg1 Qe7 27.
Qf2 b5 28. a3 a5 29. h3 a4 1/2-1/2

[Event "Schachfestival Basel"]
[Site "Basel"]
[Date "2018.01.03"]
[Round "2.7"]
[White "Beukema, Stefan"]
[Black "Lee, Qing Aun"]
[Result "1-0"]
[WhiteElo "2403"]
[BlackElo "2277"]
[PlyCount "85"]
[EventDate "2018.01.??"]
[EventType "swiss"]
[EventRounds "9"]
[EventCountry "SUI"]
[SourceDate "2018.01.02"]

1. f4 c5 2. Nf3 Nc6 3. g3 g6 4. Bg2 Bg7 5. O-O d6 6. d3 e6 7. c3 Nge7 8. e4 e5
9. Be3 O-O 10. Na3 b6 11. d4 cxd4 12. cxd4 exf4 13. Bxf4 d5 14. e5 a6 15. Rc1
h6 16. h4 Bf5 17. Qd2 Kh7 18. Nc2 Qd7 19. Ne3 Be4 20. Kh2 Nd8 21. Bh3 Ne6 22.
Ng4 Nf5 23. Nxh6 Bxh6 24. Bxh6 Nxh6 25. Ng5+ Kg7 26. Rxf7+ Rxf7 27. Bxe6 Qe7
28. Bxf7 Nxf7 29. Rc7 Qxc7 30. Ne6+ Kh7 31. Nxc7 Rc8 32. Qc1 Nh6 33. Qc6 Rf8
34. Ne6 Rf2+ 35. Kg1 Rg2+ 36. Kf1 Nf5 37. Qc7+ Kh6 38. Qc1+ g5 39. Qxg5+ Kh7
40. Qh5+ Kg8 41. Qe8+ Kh7 42. Ng5+ Kh6 43. Qh8+ 1-0

[Event "Schachfestival Basel"]
[Site "Basel"]
[Date "2018.01.03"]
[Round "2.8"]
[White "Heinemann, Josefine"]
[Black "Akshat, Kamparia"]
[Result "1/2-1/2"]
[WhiteElo "2270"]
[BlackElo "2381"]
[PlyCount "61"]
[EventDate "2018.01.??"]
[EventType "swiss"]
[EventRounds "9"]
[EventCountry "SUI"]
[SourceDate "2018.01.02"]

1. e4 c5 2. Nf3 d6 3. d4 cxd4 4. Nxd4 Nf6 5. Nc3 g6 6. Be3 Bg7 7. f3 O-O 8. Qd2
Nc6 9. O-O-O d5 10. exd5 Nxd5 11. Nxc6 bxc6 12. Bd4 Bxd4 13. Qxd4 Qb6 14. Na4
Qc7 15. Bc4 Rb8 16. a3 e5 17. Qc5 Nb6 18. Nxb6 axb6 19. Qd6 Qa7 20. h4 b5 21.
Bd3 b4 22. a4 Be6 23. Qxe5 Bd5 24. b3 Rbe8 25. Qg5 f6 26. Qf4 Qc5 27. h5 Bxb3
28. hxg6 Qc3 29. Rxh7 Qa1+ 30. Kd2 Qc3+ 31. Kc1 1/2-1/2

[Event "Schachfestival Basel"]
[Site "Basel"]
[Date "2018.01.03"]
[Round "2.9"]
[White "Harff, Marcel"]
[Black "Maerevoet, Sim"]
[Result "1-0"]
[WhiteElo "2375"]
[BlackElo "2270"]
[PlyCount "129"]
[EventDate "2018.01.??"]
[EventType "swiss"]
[EventRounds "9"]
[EventCountry "SUI"]
[SourceDate "2018.01.02"]

1. c4 Nf6 2. g3 c6 3. b3 d5 4. Bb2 Bf5 5. Nf3 e6 6. Bg2 Bd6 7. O-O Nbd7 8. Nc3
O-O 9. d3 Qe7 10. Re1 Rfd8 11. Qc2 h6 12. Rad1 Bh7 13. Qc1 e5 14. e4 d4 15. Ne2
a5 16. Nh4 a4 17. Nf5 Bxf5 18. exf5 Bb4 19. Rf1 axb3 20. axb3 Nc5 21. Qc2 Rd7
22. f3 Ne8 23. g4 Qh4 24. Ng3 Nf6 25. Bc1 Ra6 26. Rf2 Re7 27. Re2 Re8 28. Bd2
Rb6 29. Rb1 Nfd7 30. Bc1 Ra8 31. Ne4 Nxe4 32. Rxe4 Rba6 33. g5 Qh5 34. Rg4 hxg5
35. Rxg5 Qh4 36. Rg4 Qe1+ 37. Bf1 Ra1 38. Rxg7+ Kxg7 39. Qg2+ Kf8 40. Bh6+ Ke7
41. Rxe1 Rxe1 42. Bg5+ Kd6 43. Bh4 Rd1 44. c5+ Kc7 45. Be7 Bxc5 46. Bxc5 Nxc5
47. Qc2 Raa1 48. Qxc5 Rxf1+ 49. Kg2 Rg1+ 50. Kh3 Rg8 51. Qxe5+ Kc8 52. Kh4 Rag1
53. Kh5 R8g5+ 54. Kh6 R5g2 55. h4 Rg8 56. h5 Rh1 57. Qxd4 Rg2 58. Qf6 Rg8 59.
Qxf7 Rhg1 60. Qe6+ Kb8 61. Qe5+ Ka8 62. Kh7 R1g5 63. h6 Rg2 64. f6 Rf8 65. Qe6
1-0

[Event "Schachfestival Basel"]
[Site "Basel"]
[Date "2018.01.03"]
[Round "2.10"]
[White "Xheladini, Mahmut"]
[Black "Kerigan, Demre"]
[Result "0-1"]
[WhiteElo "2174"]
[BlackElo "2340"]
[PlyCount "60"]
[EventDate "2018.01.??"]
[EventType "swiss"]
[EventRounds "9"]
[EventCountry "SUI"]
[SourceDate "2018.01.02"]

1. e4 c5 2. Nf3 e6 3. Nc3 Nc6 4. Bc4 Nf6 5. Qe2 Qc7 6. h3 d6 7. d3 a6 8. a4 Be7
9. Bd2 Bd7 10. O-O O-O 11. Rfe1 Rfe8 12. Bf4 Nd4 13. Qd1 Bc6 14. Nxd4 cxd4 15.
Ne2 Qb6 16. Qd2 d5 17. exd5 Bxd5 18. Bxd5 Nxd5 19. a5 Qc5 20. Bg3 Rac8 21. Rec1
Bf6 22. Ra3 h6 23. Rb3 e5 24. Rxb7 Bg5 25. f4 exf4 26. Nxf4 Re3 27. Bh2 Nxf4
28. Bxf4 Bxf4 29. Qf2 Qd5 30. Ra7 Bg3 0-1

[Event "Schachfestival Basel"]
[Site "Basel"]
[Date "2018.01.03"]
[Round "2.11"]
[White "Paul, Johannes"]
[Black "Beukema, Jasper"]
[Result "0-1"]
[WhiteElo "2331"]
[BlackElo "2249"]
[PlyCount "70"]
[EventDate "2018.01.??"]
[EventType "swiss"]
[EventRounds "9"]
[EventCountry "SUI"]
[SourceDate "2018.01.02"]

1. c4 e6 2. Nf3 d5 3. g3 Nf6 4. Bg2 b6 5. O-O Bb7 6. cxd5 exd5 7. Nc3 Bd6 8.
Nd4 Qd7 9. Qc2 Nc6 10. Nf5 Bf8 11. Bh3 Nd4 12. Qb1 Ne6 13. d4 g6 14. Nh4 c5 15.
Nf3 Bg7 16. Bf4 Ne4 17. Rd1 Qe7 18. Bxe6 fxe6 19. Be5 O-O 20. Bxg7 Qxg7 21.
Nxe4 dxe4 22. Ng5 Bd5 23. dxc5 Qe5 24. Qc1 Qf5 25. Qf4 Qxf4 26. gxf4 Rxf4 27.
Nh3 Rg4+ 28. Kf1 bxc5 29. Rac1 c4 30. b3 cxb3 31. axb3 Rb8 32. e3 a5 33. Nf4
Bxb3 34. Rd4 e5 35. h3 Rxf4 0-1

[Event "Schachfestival Basel"]
[Site "Basel"]
[Date "2018.01.03"]
[Round "2.12"]
[White "Zennaf, Karim"]
[Black "Woellermann, Jan"]
[Result "0-1"]
[WhiteElo "2013"]
[BlackElo "2392"]
[PlyCount "64"]
[EventDate "2018.01.??"]
[EventType "swiss"]
[EventRounds "9"]
[EventCountry "SUI"]
[SourceDate "2018.01.02"]

1. d4 Nf6 2. c4 e6 3. Nc3 Bb4 4. e3 d5 5. Nge2 dxc4 6. a3 Ba5 7. Qa4+ Nc6 8.
Ng3 e5 9. dxe5 Nd5 10. Bd2 Nb6 11. Qc2 Nxe5 12. Nce4 Bxd2+ 13. Nxd2 Be6 14. Be2
Nd3+ 15. Bxd3 cxd3 16. Qc3 O-O 17. O-O Rc8 18. Nde4 c5 19. Nh5 f6 20. Nf4 Nd5
21. Nxe6 Nxc3 22. Nxd8 Ne2+ 23. Kh1 Rfxd8 24. Rfd1 c4 25. Nc3 Nxc3 26. bxc3 Rd6
27. Kg1 Rb6 28. Rab1 Rcc6 29. Rb4 Rxb4 30. axb4 Ra6 31. Kf1 Ra2 32. b5 Rc2 0-1

[Event "Schachfestival Basel"]
[Site "Basel"]
[Date "2018.01.03"]
[Round "2.13"]
[White "Petermann, Michail"]
[Black "Jud, Marc"]
[Result "1-0"]
[WhiteElo "2251"]
[BlackElo "2022"]
[PlyCount "127"]
[EventDate "2018.01.??"]
[EventType "swiss"]
[EventRounds "9"]
[EventCountry "SUI"]
[SourceDate "2018.01.02"]

1. e4 c5 2. Nc3 d6 3. f4 e6 4. Nf3 Nf6 5. Bc4 Nc6 6. d3 Be7 7. O-O a6 8. a4 Qc7
9. Qe1 O-O 10. Qg3 Kh8 11. f5 Ne5 12. Nxe5 dxe5 13. fxe6 Bxe6 14. Bg5 Ng8 15.
Be3 Nf6 16. Rf3 Nh5 17. Qf2 Nf6 18. Rf1 Ng4 19. Qe2 Nxe3 20. Qxe3 Qb6 21. b3
Rab8 22. Nd5 Qd8 23. Qf2 Kg8 24. Ne3 Bg5 25. Bxe6 fxe6 26. Rxf8+ Qxf8 27. Qxf8+
Rxf8 28. Nc4 Bf6 29. a5 Rd8 30. Rf3 Rd7 31. Kf1 Rd8 32. Ke2 Rd7 33. Rf1 Rf7 34.
Rb1 Rc7 35. Kd1 Kf8 36. c3 Ke7 37. Kc2 Rd7 38. Rf1 Rc7 39. Rf3 Rd7 40. Rh3 h6
41. Rh5 Rc7 42. Kd2 Rd7 43. Nxe5 Bxe5 44. Rxe5 Rc7 45. Rh5 Kf6 46. Ke3 e5 47.
Rf5+ Ke6 48. Rf8 Ke7 49. Rf1 Ke6 50. Rb1 Kf6 51. Kd2 Ke6 52. b4 cxb4 53. Rxb4
Rd7 54. Ke3 Rc7 55. Kd2 Rd7 56. d4 Kf7 57. d5 Re7 58. c4 Rc7 59. Kc3 Re7 60. c5
Rc7 61. Kc4 Re7 62. c6 bxc6 63. dxc6 Ke6 64. Rb7 1-0

[Event "Schachfestival Basel"]
[Site "Basel"]
[Date "2018.01.03"]
[Round "2.14"]
[White "Biastoch, Bennet"]
[Black "Weber, Dominik"]
[Result "1-0"]
[WhiteElo "2234"]
[BlackElo "2043"]
[PlyCount "103"]
[EventDate "2018.01.??"]
[EventType "swiss"]
[EventRounds "9"]
[EventCountry "SUI"]
[SourceDate "2018.01.02"]

1. e4 c6 2. d4 g6 3. Nc3 Bg7 4. Be3 d6 5. Nf3 Bg4 6. h3 Bxf3 7. Qxf3 b5 8. Bd3
Nd7 9. O-O Nb6 10. a3 a6 11. Ne2 e6 12. Qg3 Ne7 13. Bf4 Nec8 14. Bg5 Qd7 15. h4
f6 16. Be3 Ne7 17. h5 Nc4 18. Bc1 g5 19. b3 Nb6 20. Bb2 h6 21. f4 O-O-O 22. f5
exf5 23. exf5 Rhe8 24. a4 Kb7 25. axb5 axb5 26. c4 Ra8 27. cxb5 cxb5 28. Nc3
Rxa1 29. Rxa1 Ra8 30. Rxa8 Kxa8 31. Nxb5 Nec8 32. Be4+ d5 33. Bd3 Bf8 34. Nc7+
Ka7 35. Nb5+ Kb7 36. Qf3 Bb4 37. Bc3 Qe7 38. Qe2 Bxc3 39. Qxe7+ Nxe7 40. Nxc3
Nbc8 41. Kf2 Kb6 42. b4 Na7 43. Ke3 Nac6 44. Na4+ Kc7 45. b5 Na5 46. g4 Nc8 47.
Kd2 Nd6 48. Kc3 Nac4 49. Bxc4 Nxc4 50. Kd3 Na3 51. Nc3 Kd6 52. b6 1-0

[Event "Schachfestival Basel"]
[Site "Basel"]
[Date "2018.01.03"]
[Round "2.15"]
[White "Schwander, Lukas"]
[Black "Leutwyler, Martin"]
[Result "1-0"]
[WhiteElo "2135"]
[BlackElo "2188"]
[PlyCount "97"]
[EventDate "2018.01.??"]
[EventType "swiss"]
[EventRounds "9"]
[EventCountry "SUI"]
[SourceDate "2018.01.02"]

1. Nf3 d5 2. c4 c6 3. g3 Nf6 4. Bg2 Bg4 5. Ne5 Be6 6. cxd5 Bxd5 7. Nf3 c5 8.
Nc3 Bc6 9. O-O e6 10. Re1 Be7 11. e4 O-O 12. d4 Re8 13. h3 b5 14. d5 exd5 15.
exd5 Nxd5 16. Ne5 Nb4 17. Nxc6 N8xc6 18. a3 Qxd1 19. Rxd1 Nc2 20. Bxc6 Nxa1 21.
Bxa8 Rxa8 22. Nxb5 Nb3 23. Be3 Bf6 24. Nc3 Bd4 25. Rd3 Bxe3 26. fxe3 g6 27. Rd7
Re8 28. Kf2 a5 29. Nd5 Rb8 30. Ne7+ Kg7 31. Nc6 Rb6 32. Ne5 Nc1 33. Nc4 Rf6+
34. Kg2 Re6 35. Ra7 Nb3 36. Kf3 Rf6+ 37. Ke2 Re6 38. Kd3 Rf6 39. Nxa5 Nxa5 40.
Rxa5 Rf3 41. Rxc5 Rxg3 42. b4 Rxh3 43. b5 Rh1 44. Kc2 Rh2+ 45. Kb3 Rh1 46. Rc2
Rd1 47. a4 h5 48. b6 Rd8 49. a5 1-0

[Event "Schachfestival Basel"]
[Site "Basel"]
[Date "2018.01.03"]
[Round "2.16"]
[White "Schaefer, Reyk"]
[Black "Goldie, Thomas"]
[Result "1/2-1/2"]
[WhiteElo "2162"]
[BlackElo "2098"]
[PlyCount "62"]
[EventDate "2018.01.??"]
[EventType "swiss"]
[EventRounds "9"]
[EventCountry "SUI"]
[SourceDate "2018.01.02"]

1. c4 c6 2. d4 d5 3. cxd5 cxd5 4. Bf4 Nc6 5. e3 Nf6 6. Nc3 a6 7. Bd3 e6 8. h3
Bd6 9. Bxd6 Qxd6 10. f4 b5 11. Nf3 Bb7 12. Ne5 Rc8 13. Rc1 O-O 14. O-O Rfe8 15.
Qe1 Ne7 16. Kh1 Ne4 17. Kh2 f6 18. Nf3 Rc7 19. Ne2 Nf5 20. Rxc7 Qxc7 21. Nc1
Nfg3 22. Rg1 Rc8 23. Bb1 g5 24. Nd3 gxf4 25. exf4 Kh8 26. Nd2 Rg8 27. Nb3 Bc8
28. Qb4 Qg7 29. Qe1 Qc7 30. Qb4 Qg7 31. Qe1 Qc7 1/2-1/2

[Event "Schachfestival Basel"]
[Site "Basel"]
[Date "2018.01.03"]
[Round "2.17"]
[White "Sadeghi, Hassan Roger"]
[Black "Schweizer, Simon"]
[Result "1/2-1/2"]
[WhiteElo "2089"]
[BlackElo "2159"]
[PlyCount "40"]
[EventDate "2018.01.??"]
[EventType "swiss"]
[EventRounds "9"]
[EventCountry "SUI"]
[SourceDate "2018.01.02"]

1. Nf3 Nf6 2. c4 e6 3. b3 d5 4. Bb2 c5 5. g3 Nc6 6. Bg2 d4 7. O-O Bd6 8. e3 e5
9. exd4 cxd4 10. b4 O-O 11. b5 Ne7 12. d3 Ng6 13. Nbd2 Bf5 14. Nb3 Nd7 15. Re1
Re8 16. h4 Bb4 17. Re2 Bg4 18. Re4 Bf5 19. Re2 Bg4 20. Re4 Bf5 1/2-1/2

[Event "Schachfestival Basel"]
[Site "Basel"]
[Date "2018.01.03"]
[Round "2.18"]
[White "Simon, Ralf Axel"]
[Black "Beck, Michael"]
[Result "1-0"]
[WhiteElo "2146"]
[BlackElo "2084"]
[PlyCount "50"]
[EventDate "2018.01.??"]
[EventType "swiss"]
[EventRounds "9"]
[EventCountry "SUI"]
[SourceDate "2018.01.02"]

1. Nf3 Nf6 2. c4 g6 3. Nc3 Bg7 4. e4 d6 5. d4 O-O 6. Be2 e5 7. O-O Nc6 8. d5
Ne7 9. Ne1 Nd7 10. Be3 f5 11. f3 f4 12. Bf2 g5 13. Rc1 Rf6 14. Nd3 Rh6 15. c5
Qe8 16. Nb5 Qh5 17. h4 Ng6 18. g4 fxg3 19. Bxg3 Nf4 20. Nxc7 gxh4 21. Bxf4 exf4
22. Nxa8 Qg5+ 23. Kh1 Rg6 24. Rf2 dxc5 25. Rg2 b6 1-0

[Event "Schachfestival Basel"]
[Site "Basel"]
[Date "2018.01.03"]
[Round "2.19"]
[White "Parnali, S Dharia"]
[Black "Yakimenko, Alexander A"]
[Result "1-0"]
[WhiteElo "2082"]
[BlackElo "2146"]
[PlyCount "71"]
[EventDate "2018.01.??"]
[EventType "swiss"]
[EventRounds "9"]
[EventCountry "SUI"]
[SourceDate "2018.01.02"]

1. d4 e6 2. c4 Nf6 3. Nc3 c5 4. d5 exd5 5. cxd5 d6 6. Nf3 g6 7. e4 Bg7 8. Bb5+
Nfd7 9. Bf4 a6 10. Bxd7+ Qxd7 11. O-O O-O 12. Na4 Qd8 13. e5 b5 14. Nc3 Bg4 15.
exd6 Qf6 16. Bg5 Qf5 17. Qb1 Qxb1 18. Raxb1 Bxf3 19. gxf3 f6 20. Be3 Nd7 21.
Ne4 Rfc8 22. Rfc1 c4 23. b4 Ne5 24. Bb6 Rd8 25. Bc7 Nxf3+ 26. Kg2 Nh4+ 27. Kf1
f5 28. Nc5 Be5 29. Bxd8 Rxd8 30. d7 Nf3 31. Kg2 Nd2 32. Re1 Nxb1 33. Rxe5 Kf8
34. d6 Kf7 35. Re7+ Kf6 36. Re8 1-0

[Event "Schachfestival Basel"]
[Site "Basel"]
[Date "2018.01.03"]
[Round "2.20"]
[White "Wenner, Tobias"]
[Black "Faraone, Ettore"]
[Result "1/2-1/2"]
[WhiteElo "2145"]
[BlackElo "2079"]
[PlyCount "74"]
[EventDate "2018.01.??"]
[EventType "swiss"]
[EventRounds "9"]
[EventCountry "SUI"]
[SourceDate "2018.01.02"]

1. Nf3 g6 2. g3 Bg7 3. d4 c5 4. Bg2 Nc6 5. d5 Ne5 6. Nxe5 Bxe5 7. Nd2 d6 8. Nc4
Bg7 9. a4 Bd7 10. c3 b6 11. Bf4 Nf6 12. Qd2 h6 13. h4 Bf5 14. O-O Qd7 15. e4
Bh3 16. e5 Bxg2 17. Kxg2 dxe5 18. Bxe5 g5 19. Rh1 O-O-O 20. hxg5 hxg5 21. Bxf6
Bxf6 22. Ne3 Rxh1 23. Rxh1 Qxa4 24. Qd3 Qd7 25. b3 Kb8 26. c4 e6 27. Rh6 Bd4
28. dxe6 fxe6 29. Qe4 Qb7 30. Rxe6 Bxe3 31. Qxb7+ Kxb7 32. Rxe3 Rd7 33. Kh3 a5
34. Kg4 Rf7 35. f3 Rg7 36. Re5 Rg8 37. Kf5 Kc6 1/2-1/2

[Event "Schachfestival Basel"]
[Site "Basel"]
[Date "2018.01.03"]
[Round "2.21"]
[White "Terraz, Christian"]
[Black "Dekan, Hans"]
[Result "0-1"]
[WhiteElo "2075"]
[BlackElo "2138"]
[PlyCount "62"]
[EventDate "2018.01.??"]
[EventType "swiss"]
[EventRounds "9"]
[EventCountry "SUI"]
[SourceDate "2018.01.02"]

1. Nf3 d5 2. d4 Nf6 3. e3 Bg4 4. h3 Bh5 5. g4 Bg6 6. Ne5 Nfd7 7. Nxg6 hxg6 8.
c4 e6 9. Nc3 c6 10. Qb3 Qb6 11. Bg2 Na6 12. e4 dxc4 13. Qxc4 Qb4 14. Qd3 O-O-O
15. Qe2 Nb6 16. Be3 Qc4 17. Qf3 Bb4 18. Kd2 Na4 19. Rhc1 Nxb2 20. Bf1 Rxd4+ 21.
Bxd4 Qxd4+ 22. Kc2 Nc4 23. Bxc4 Qxc4 24. Qd3 Qxd3+ 25. Kxd3 Rxh3+ 26. Kc4 b5+
27. Kb3 Rf3 28. a4 bxa4+ 29. Kc4 a3 30. Nb1 Kb7 31. Nxa3 Rxa3 0-1

[Event "Schachfestival Basel"]
[Site "Basel"]
[Date "2018.01.03"]
[Round "2.22"]
[White "Faldum, Manfred"]
[Black "Fischer, Daniel"]
[Result "1-0"]
[WhiteElo "2065"]
[BlackElo "2123"]
[PlyCount "65"]
[EventDate "2018.01.??"]
[EventType "swiss"]
[EventRounds "9"]
[EventCountry "SUI"]
[SourceDate "2018.01.02"]

1. Nf3 d5 2. g3 Nf6 3. Bg2 Bf5 4. O-O e6 5. d3 h6 6. Nc3 Be7 7. Nd2 c6 8. e4
Bh7 9. f4 O-O 10. h3 b5 11. g4 b4 12. Ne2 Qb6+ 13. Kh1 Rd8 14. Ng3 a5 15. Qe2
Qc7 16. Nf3 c5 17. Ne5 Ra7 18. h4 Nfd7 19. Nf3 Nc6 20. g5 hxg5 21. Nxg5 Nd4 22.
Qf2 Nf6 23. Bh3 dxe4 24. Nxh7 Kxh7 25. Nxe4 Nf5 26. Be3 Nxe4 27. dxe4 Qc6 28.
Bg2 Nxh4 29. Rg1 g6 30. f5 Kg7 31. f6+ Bxf6 32. e5 Nf3 33. exf6+ 1-0